| 000 | 00828nam a2200265 a 4500 | ||
|---|---|---|---|
| 001 | 000009135 | ||
| 003 | OSt | ||
| 005 | 20240412074209.0 | ||
| 008 | 090928s1979 dr a r 000 p spa d | ||
| 040 |
_aDO-SdBNP _bspa _cBNPHU |
||
| 082 |
_aRD861.44 _bE77b |
||
| 100 | 1 |
_aEspinal, Cayo Claudio, _d1955- _917906 |
|
| 245 | 1 | 0 |
_aBanquetes de aflicción / _cCayo Claudio Espinal. |
| 260 |
_aSanto Domingo : _bTaller, _c1979. |
||
| 300 |
_a69 p. : _bil. ; _c23 cm. |
||
| 490 | 1 |
_aPoesía ; _v1 |
|
| 500 | _aIncluye datos biográficos del autor en la solapa de la cubierta. | ||
| 586 | _aPremio Siboney de 1978 | ||
| 590 | _aInventariado, 2018/BT | ||
| 650 | 0 |
_aPoesía dominicana _966 |
|
| 650 | 0 |
_aLiteratura dominicana. _967 |
|
| 830 | 0 |
_aPoesía ; _n1 _923798 |
|
| 910 | _aValidado. Control de calidad. MFF | ||
| 942 |
_2ddc _cLBS1 |
||
| 999 |
_c8899 _d8899 |
||